000 00772nam a22002297a 4500
005 20170124110011.0
010 _aB-167002
020 _c650.00
_a9780761933557
035 _aB-167002
037 _bCen Lib/Ret
040 _aDPL
_bEN
082 _a331.20470954
_bBAN
100 _aBanerjee, Debdas
_917802
245 _aGlobalisation, industrial restructuring and labour standards :
_cby Debdas Banerjee
_bwhere india meets the global /
260 _aNew Delhi
_bSage Publications
_c2005
270 _bNew Delhi
_aB-42, Panchsheel enclave
_e110017
300 _a320p.
_c21cm(Hb)
500 _aIncludes index
650 _aIndustrialization--India
_973280
650 _aEconomic condition--India
_z
_973281
942 _2ddc
_cEN
_h331.20470954
_mBAN
999 _c126546
_d126546